Объявление по мобилизации. "На основании приказа Реввоенсовета...": [О призыве 30 мая 1919 г. солдат царской армии 1894-1898 гг. рождения вернувшихся из плена (Запись № 11073111)
[ простой вид ]
| 000 -МАРКЕР | |
|---|---|
| контрольное поле | 02539nam0a2200397 4500 |
| 001 - ИДЕНТИФИКАТОР ЗАПИСИ | |
| контрольное поле | RU\NLR\BIBL_A\011639683 |
| 005 - ИДЕНТИФИКАТОР ВЕРСИИ | |
| контрольное поле | 20260407140943.0 |
| 020 ## - НОМЕР ДОКУМЕНТА В НАЦИОНАЛЬНОЙ БИБЛИОГРАФИИ | |
| Код страны | российская федерация |
| Номер | 11895 |
| Основное заглавие издания Российской книжной палаты | Сводный каталог листовок первых лет Советской власти (25 октября (7 ноября) 1917 - 1925) Т.4 (Ч.3). Листовки советских, партийных, профсоюзных, комсомольских и других организаций губерний РСФСР |
| 035 ## - ДРУГИЕ СИСТЕМНЫЕ НОМЕРА | |
| Идентификатор записи | (NLR Aleph) 011639683 |
| 100 ## - ДАННЫЕ ОБЩЕЙ ОБРАБОТКИ | |
| Данные общей обработки | 20180221d1919 |||y0rusy50 ca |
| 101 0# - ЯЗЫК РЕСУРСА | |
| Язык текста, звукозаписи и т.д. | русский |
| 102 ## - СТРАНА ПУБЛИКАЦИИ ИЛИ ПРОИЗВОДСТВА | |
| Страна публикации | российская федерация |
| 105 ## - ПОЛЕ КОДИРОВАННЫХ ДАННЫХ: ТЕКСТОВЫЕ МАТЕРИАЛЫ, МОНОГРАФИЧЕСКИЕ | |
| Кодированные данные о монографическом текстовом документе | y z 000zy |
| 135 ## - ПОЛЕ КОДИРОВАННЫХ ДАННЫХ: ЭЛЕКТРОННЫЕ РЕСУРСЫ | |
| Кодированные данные для электронного ресурса | crcn 024anaba |
| 200 1# - ЗАГЛАВИЕ И СВЕДЕНИЯ ОБ ОТВЕТСТВЕННОСТИ | |
| Основное заглавие | Объявление по мобилизации. "На основании приказа Реввоенсовета...": [О призыве 30 мая 1919 г. солдат царской армии 1894-1898 гг. рождения вернувшихся из плена |
| Сведения, относящиеся к заглавию | листовка |
| Первые сведения об ответственности | Тверской уезд. комиссариат по военным делам] |
| 210 ## - ПУБЛИКАЦИЯ, РАСПРОСТРАНЕНИЕ И ДР. | |
| Место издания, распространения и т.д. | Тверь |
| Имя издателя, распространителя и т. д. | 2-я гос. тип |
| Дата издания, распространения и т.д. | [1919, май] |
| 215 ## - ФИЗИЧЕСКАЯ ХАРАКТЕРИСТИКА | |
| Специфическое обозначение материала и объем | 1 с. |
| Размеры | 42х29 |
| 300 ## - ОБЩИЕ ПРИМЕЧАНИЯ | |
| Текст примечания | Подпись: тверской уездный комиссар |
| 325 ## - ПРИМЕЧАНИЕ О КОПИИ | |
| Текст примечания | Копия доступна в Электрон. б-ке РНБ |
| 517 1# - ДРУГИЕ ВАРИАНТЫ ЗАГЛАВИЯ | |
| Вариант заглавия | "На основании приказа Реввоенсовета...": [О призыве 30 мая 1919 г. солдат царской армии 1894-1898 гг. рождения вернувшихся из плена |
| 517 1# - ДРУГИЕ ВАРИАНТЫ ЗАГЛАВИЯ | |
| Вариант заглавия | О призыве 30 мая 1919 г. солдат царской армии 1894-1898 гг. рождения вернувшихся из плена |
| 607 ## - ГЕОГРАФИЧЕСКОЕ НАИМЕНОВАНИЕ КАК ПРЕДМЕТ | |
| Географическое наименование | РСФСР |
| Формальный подзаголовок | Листовки |
| Тематический подзаголовок | Политика и управление |
| Географический подзаголовок | 1917 - 1925 |
| Системный номер авторитетной/нормативной записи | 2312782 |
| Идентификатор авторитетной/нормативной записи | RU\NLR\auth\6601609564 |
| 686 0# - ИНДЕКСЫ ДРУГИХ КЛАССИФИКАЦИЙ | |
| Индекс | Т3(2)71-313,011 |
| 686 0# - ИНДЕКСЫ ДРУГИХ КЛАССИФИКАЦИЙ | |
| Индекс | Т3(2)712.29-9(2Р-8Тв),011 |
| 711 02 - НАИМЕНОВАНИЕ ОРГАНИЗАЦИИ - АЛЬТЕРНАТИВНАЯ ОТВЕТСТВЕННОСТЬ | |
| Начальный элемент ввода | Тверской уездный комиссариат по военным делам |
| Системный номер авторитетной/нормативной записи | 594711 |
| Идентификатор авторитетной/нормативной записи | RU\NLR\AUTH\880466287 |
| 711 01 - НАИМЕНОВАНИЕ ОРГАНИЗАЦИИ - АЛЬТЕРНАТИВНАЯ ОТВЕТСТВЕННОСТЬ | |
| Начальный элемент ввода | РСФСР |
| Структурное подразделение | Революционный военный совет |
| Идентификатор авторитетной/нормативной записи | RU\NLR\AUTH\8810008431 |
| Системный номер авторитетной/нормативной записи | 514601 |
| 852 00 - МЕСТОНАХОЖДЕНИЕ И ШИФР ХРАНЕНИЯ | |
| Идентификатор организации | NLR |
| Наименование фонда или коллекции (Sub-Location Identifier) | ФЛ |
| Шифр хранения (Call Number) | 56/71 |
| 942 ## - ДОПОЛНИТЕЛЬНЫЕ ЭЛЕМЕНТЫ ЗАПИСИ (АБИС) | |
| Тип экземпляра АБИС | Книга |
| 980 ## - КОЛЛЕКЦИЯ | |
| Название коллекции | Национальная библиография |
| 981 21 - КОЛЛЕКЦИЯ ЭЛЕКТРОННОЙ БИБЛИОТЕКИ | |
| Название коллекции | Листовки |
| Название подколлекции | |
Нет доступных экземпляров.